书目信息 |
| 书名: | Classrooms and corridors | |
| 作者: | Mary Haywood Metz | |
| 分册号: | ||
| 分册名: | 出版地: | Berkeley : |
|
| 出版社: | University of California Press | |
| 出版时间: | c1978. | |
| 页数: | xi, 275 p. ; | |
| 开本: | 23 cm. | |
| 丛书名: | ||
| 中图分类号: | ||
| 科图分类号: | ||
| 其他分类号: | G637 | |
| 主题词: | ||
| 电子资源: | ||
| 000 | 00989nam 2200301 a 4500 | |
| 001 | E0753707977 | |
| 005 | 20070321150011.75 | |
| 008 | uu | |
| 008 | 00110 eng | |
| 010 | @a76055566 | |
| 020 | @a0-520-03941-6. | |
| 043 | @an-us--- | |
| 049 | @aN5LA | |
| 050 | 0 | @aLC214.2 @b.M47 |
| 082 | @a373.1/5/0973 | |
| 090 | @a2/G639.7128/MMH//////////////879596 | |
| 090 | @aG637 | |
| 096 | @aG639.7128 @v2 | |
| 099 | @dG637@ex19 | |
| 100 | 10 | @aMetz, Mary Haywood. |
| 245 | 10 | @aClassrooms and corridors :@bthe crisis of authority in desegregated secondary schools / @cMary Haywood Metz |
| 260 | 0 | @aBerkeley :@bUniversity of California Press,@cc1978. |
| 300 | @axi, 275 p. ;@c23 cm. | |
| 500 | @aIncludes index. | |
| 504 | @aBibliography: p. [263]-268. | |
| 650 | 0 | @aSchool integration @zUnited States. |
| 650 | 0 | @aSchool discipline @zUnited States. @b00 @c20020930 @lNLC09 @h2247 @lNLC09 @h2312 @lNLC09 @h1903 |
| 852 | 9 | @bWWJC @cJ08S @k2 @hG639.7128 @iMMH |
| Classrooms and corridors : : the crisis of authority in desegregated secondary schools / / Mary Haywood Metz.-Berkeley : : University of California Press, , c1978. |
| xi, 275 p. ; ; 23 cm. |
| Includes index.-Bibliography: p. [263]-268. |
| ISBN 0-520-03941-6. |
| ● |
| 相关链接 |
|
|
|
|
正题名:Classrooms and corridors
索取号:G637/x19
 
预约/预借
| 序号 | 登录号 | 条形码 | 馆藏地/架位号 | 状态 | 备注 |
| 1 | 0002195 | 300021955 | 第二样本阅览室/ [索取号:G637/x19] | 在馆 |